| 000 | 00848cam a22002414a 4500 | ||
|---|---|---|---|
| 008 | |||
| 020 | _a1868143503 (pbk. ) | ||
| 049 | _aMAIN | ||
| 050 | 0 | 0 | _aLB2331 IMP |
| 245 | 1 | 0 |
_aImproving teaching and learning in higher education : _ba handbook for Southern Africa / _cedited by Sinfree Makoni. |
| 260 |
_aJohannesburg: _bWitwatersrand University Press : _c2000. |
||
| 300 |
_aix, 214 p. : _bill. ; _c22 cm. |
||
| 504 | _aIncludes bibliographical references. | ||
| 650 | 0 |
_aCollege teaching _zAfrica, Southern. |
|
| 650 | 0 |
_aEducation, Higher _zAfrica, Southern. |
|
| 700 | 1 | _aMakoni, Sinfree. | |
| 710 | 2 | _aHigher Education Research and Development Society of Australasia. | |
| 907 |
_a.b10210209 _b05-02-07 _c09-08-06 |
||
| 003 | |||
| 005 | 20230123134345.0 | ||
| 040 | _cNUST | ||
| 942 | _cBOOKS | ||
| 999 |
_c164503 _d164503 |
||